000 00896nas a2200289 4500
001 BR2018000336
003 BR-BrBNA
005 20231205131237.0
007 ta
008 230509b bl.|||p| |||| 00| 00por d
040 _aBR-BrBNA
_bpor
_cBiblioteca Nacional de Agricultura
041 _a(Pt)
072 _aM40; M12
100 1 _aSilva, A.D.R. da
100 1 _aSantos, R.B. dos
100 1 _aBruno, A.M. da S.S.
100 1 _aGentelini, A.L.
100 1 _aSilva, A.H.G. da
100 1 _aSoares, E.C.
245 1 _aEficiencia do aguape sobre variaveis limnologicas em canais de abastecimento utilizados no cultivo de tambaqui
650 _aTAMBAQUI
650 _aFOSFORO
650 _aQUALIDADE DA AGUA
773 0 _tActa Amazônica (Brazil)
_xISSN 0044-5967
_g(Jun 2014), v. 44(2) p. 255-262
_wBR2018000336
909 _a202311
_bLúcia
_c55
_dLúcia Elande
942 _2AGRIS
_n0
_cANA
999 _c253757
_d253757